00547cam a22002293a 450000100090000000300090000900500170001800700090003500800370004401000060008103500150008704000250010204100110012705000060013810000200014424000390016424500460020326000310024930000220028050000060030260000090030816414011DO-SdBNP20160328142620.016414011861112s1997 ck 000 0 spa d a  a(OCoLC)  aBPMSUcspadBPMSUd 1 aspah 00a 1 aMcDowell, Josh.10aMore than a carpenter lEspañol10aMás que un carpintero /cJosh McDowell. aColombia :bUnilit,c 1997 a137 p. :b20 cm.  a 00a x